Henry Wadsworth Longfellow (Record no. 101955)

MARC details
000 -LEADER
campo de control de longitud fija 00556nam a2200169 i 4500
001 - NÚMERO DE CONTROL
campo de control 101955
003 - IDENTIFICADOR DE NÚMERO DE CONTROL
campo de control ES-MaACL
005 - FECHA Y HORA DE LA ÚLTIMA TRANSACCIÓN
campo de control 20230906183021.0
007 - CAMPO FIJO DE DESCRIPCIÓN FÍSICA--INFORMACIÓN GENERAL
campo de control de longitud fija t|
008 - DATOS DE LONGITUD FIJA--INFORMACIÓN GENERAL
campo de control de longitud fija 051028s1946 sp ||||1| spa d
100 1# - ENTRADA PRINCIPAL--NOMBRE DE PERSONA
Nombre de persona Méndez Herrera, José.
9 (RLIN) 80156
245 10 - MENCIÓN DEL TÍTULO
Título Henry Wadsworth Longfellow
Resto del título : texto a la conferencia pronunciada en la Casa Americana /
Mención de responsabilidad, etc. José Méndez Herrera.
260 ## - PUBLICACIÓN, DISTRIBUCIÓN, ETC.
Lugar de publicación, distribución, etc. Madrid :
Nombre del editor, distribuidor, etc. Casa Americana,
Fecha de publicación, distribución, etc. 1946.
300 ## - DESCRIPCIÓN FÍSICA
Extensión 17 p. :
Otras características físicas il. ;
Dimensiones 22 cm.
710 2# - ENTRADA AGREGADA--NOMBRE DE ENTIDAD CORPORATIVA
Nombre de entidad corporativa o nombre de jurisdicción como elemento de entrada Casa Americana (
Sede del congreso/Lugar de la reunión Madrid)
9 (RLIN) 2458
852 ## - LOCALIZACIÓN
Ubicación ES-MaACL
Número de control de estantería 1856-F-7
Sublocalización o colección R.22459
Holdings
Estatus retirado Estado de pérdida Estado de daño No para préstamo Colección Biblioteca de origen Biblioteca actual Ubicación en estantería Fecha de adquisición Fuente de adquisición Total de préstamos Signatura topográfica completa Código de barras Visto por última vez Precio de reemplazo Tipo de ítem Koha
        Colección de folletos Biblioteca del Ateneo de Madrid Biblioteca del Ateneo de Madrid Depósito folletos 17/01/2008     1856-F-7 1106435 23/02/2023 23/02/2023 Folleto